| 000 | 00797cam a22002531 4500 | ||
|---|---|---|---|
| 001 | 2495 | ||
| 003 | BD-RjUL | ||
| 005 | 20211208233550.0 | ||
| 008 | 131211t19671967nyu bc 000 0 eng | ||
| 035 | _a(BD-RjUL)2522 | ||
| 040 |
_aDLC _cDLC _dDLC _d(BD-RjUL) _beng |
||
| 041 | _aeng | ||
| 082 | 0 | 0 |
_a658.3140951 _bHOW |
| 100 | 1 |
_aHoffmann, Charles, _d1921- _98077 |
|
| 245 | 1 | 0 | _aWork incentive practices and policies in the People's Republic of China, 1953-1965. / |
| 260 |
_a[Albany] _bState University of New York Press _cc1967 |
||
| 300 |
_aix, 148 p. ; _c22 cm. |
||
| 504 | _aBibliography: p. [125]-139. | ||
| 650 | 0 |
_aIncentives in industry _zChina. _98078 |
|
| 650 | 0 |
_aIndustrial policy _zChina _xExhibitions. _98079 |
|
| 942 |
_2ddc _cBK |
||
| 999 |
_c2495 _d2495 |
||